| 000 | 01148nam0a22002411 4500 | ||
|---|---|---|---|
| 001 | rc\1018194 | ||
| 005 | 20260407110111.0 | ||
| 035 | _a(NLR Aleph) 006183143 | ||
| 090 |
_a6087011 _c6087011 |
||
| 100 | _a20041129d1981 |||y0rusy50 ca | ||
| 101 | 0 | _arus | |
| 102 | _aRU | ||
| 105 | _ay ||||||||| | ||
| 200 | 1 |
_aМетодические рекомендации по составлению сводного финансового баланса города _fЦентр. н.-и. экон. ин-т при Госплане РСФСР, Н.-и. фин. ин-т М-ва финансов СССР _g[Подгот. к. э. н. Г.Б. Поляком] |
|
| 210 |
_aМ. _cБ. и. _d1981 |
||
| 215 |
_a[2], 42 с. _d21 |
||
| 702 | 1 |
_4570 _7ca _8rus _aПоляк _bГ. Б. _cд-р экон. наук _f1935- _gГеоргий Борисович _9241997 _3RU\NLR\AUTH\770242053 |
|
| 712 | 0 | 2 |
_aЦентральный научно-исследовательский экономический институт _cМосква _3RU\NLR\AUTH\889937852 _9370515 |
| 801 | 0 |
_aRU _bNLR _gpsbo |
|
| 801 | 1 |
_aRU _bELAR _2rusmarc |
|
| 852 |
_aNLR _j81-4/30569 |
||
| 942 | _cBOOK | ||
| 980 | _aNB | ||